Normal view
MARC view
- Zahoor ul Hassan Sharb
Entry Personal Name
001 - CONTROL NUMBER
- control field: 16492
003 - CONTROL NUMBER IDENTIFIER
- control field: NUST
005 - DATE AND TIME OF LATEST TRANSACTION
- control field: 20190703062051.0
008 - FIXED-LENGTH DATA ELEMENTS
- fixed length control field: 190703|| aca||aabn | a|a d
040 ## - CATALOGING SOURCE
- Original cataloging agency: NUST
- Transcribing agency: NUST
100 ## - HEADING--PERSONAL NAME
- Personal name: Zahoor ul Hassan Sharb
670 ## - SOURCE DATA FOUND
- Source citation: Work cat.: (NUST): Zahoor ul Hassan Sharb, Jaded Tazkara oliya pak o hind /, S.L
